Mujer mitificada, mujer mixtificada / (Record no. 23241)

MARC details
000 -LEADER
campo de control de longitud fija 00664nam a2200217 i 4500
001 - NÚMERO DE CONTROL
campo de control 23241
003 - IDENTIFICADOR DE NÚMERO DE CONTROL
campo de control ES-MaACL
005 - FECHA Y HORA DE LA ÚLTIMA TRANSACCIÓN
campo de control 20250819170105.0
007 - CAMPO FIJO DE DESCRIPCIÓN FÍSICA--INFORMACIÓN GENERAL
campo de control de longitud fija t|
008 - DATOS DE LONGITUD FIJA--INFORMACIÓN GENERAL
campo de control de longitud fija 021209s1982 sp ||||1| spa d
020 ## - NÚMERO INTERNACIONAL ESTÁNDAR DEL LIBRO
Número Internacional Estándar del Libro 84-85361-28-8
100 1# - ENTRADA PRINCIPAL--NOMBRE DE PERSONA
Nombre de persona Alzón, Claude.
9 (RLIN) 21065
245 10 - MENCIÓN DEL TÍTULO
Título Mujer mitificada, mujer mixtificada /
Mención de responsabilidad, etc. Claude Alzón ; traducción de José Martín Arancibia.
260 ## - PUBLICACIÓN, DISTRIBUCIÓN, ETC.
Lugar de publicación, distribución, etc. Barcelona :
Nombre del editor, distribuidor, etc. Ruedo Ibérico,
Fecha de publicación, distribución, etc. [1982]
300 ## - DESCRIPCIÓN FÍSICA
Extensión 458 p. ;
Dimensiones 21 cm.
650 07 - PUNTO DE ACCESO ADICIONAL DE MATERIA--TÉRMINO DE MATERIA
Término de materia o nombre geográfico como elemento de entrada Feminismo
Fuente del encabezamiento o término embne
9 (RLIN) 12744
700 1# - ENTRADA AGREGADA--NOMBRE PERSONAL
Nombre de persona Martín Arancibia, José.
9 (RLIN) 77394
710 2# - ENTRADA AGREGADA--NOMBRE DE ENTIDAD CORPORATIVA
Nombre de entidad corporativa o nombre de jurisdicción como elemento de entrada Éditions Ruedo ibérico.
9 (RLIN) 145333
852 ## - LOCALIZACIÓN
Ubicación ES-MaACL
Número de control de estantería L-4286
Holdings
Estatus retirado Estado de pérdida Estado de daño No para préstamo Biblioteca de origen Biblioteca actual Ubicación en estantería Fecha de adquisición Fuente de adquisición Total de préstamos Signatura topográfica completa Código de barras Visto por última vez Precio de reemplazo Tipo de ítem Koha
        Biblioteca del Ateneo de Madrid Biblioteca del Ateneo de Madrid Depósito 2 17/01/2008     L-4286 1023945 23/02/2023 23/02/2023 Libro impreso